=LDR 00000nam 2200000 4500 =001 INLIS00000000000107 =005 20260702043538 =020 ##$$a 978-623-98472-8-9 =082 ##$$a 639.377 =100 1#$$a Azizah Lestari, S.P. =245 1 $$a Teknik Budidaya & Penangkaran Ikan Arwana /$c Azizah Lestari, S.P. =300 ##$$a 72 ; 14X21 cm